| 000 | 01448nam a22002777a 4500 | ||
|---|---|---|---|
| 001 | 000501 | ||
| 003 | DO-SdBNP | ||
| 005 | 20171110084416.0 | ||
| 007 | 000501 | ||
| 008 | 160915b 2006 sp a ||||| |||| 00| 0 spa d | ||
| 020 | _a9972209105 | ||
| 040 |
_aBPMSU _bspa _cBPMSU |
||
| 082 | 4 |
_a512.9 _bA394 |
|
| 245 | 0 | 0 | _aÁlgebra |
| 246 | 0 | 0 |
_aManual de preparación pre-universitaria : _bÁlgebra, teoría, conceptos, ejercicios resueltos y propuestos |
| 260 |
_aLima, Perú : _bLexus Editores, _c2006. |
||
| 300 |
_a415 p. : _bil. ; _c27 cm. |
||
| 500 | _a Álgebra. | ||
| 505 | 0 |
_tConceptos fundamentals -- _tGrado de las expresiones algebraicas -- _tNotacion polinomica -- _tPolinomios especiales -- _tExpresiones algebraicas -- _tDivisibilidad algebraica -- _tCocientes notables -- _tFactorizacion -- _tMaximo comun divisor y minimo comun multiplo -- _tFracciones algebraicas -- _tIntroduccion el binomio de Newton -- _tRadicacion -- _tOperaciones con raices -- _tVerdadero valor de fracciones algebraicas -- _tCantidades imaginarias y numeros complejos -- _tEcuaciones -- _tDeterminantes -- _tEcuaciones de segundo grado -- _tDesigualdad e inecuaciones -- _tProgresiones -- _tLogaritmos -- _tInteréscompuesto. |
|
| 650 | 4 | _aÁLGEBRA | |
| 650 | 4 |
_aÁLGEBRA _xPROBLEMAS, EJERCICIOS, ETC. |
|
| 910 | _aValidado. Control de calidad MFF | ||
| 942 |
_2ddc _cBK |
||
| 945 | _aInvetariado extranjero / 2017 VM | ||
| 956 |
_2LOPEREZ _310 _620160915 _8BPMSU _a00041 |
||
| 999 |
_c11399 _d11399 |
||